Las políticas macroeconómicas y de desarrollo productivo: situación actual de América Latina /

Después del fracaso de tres décadas de políticas públicas en donde se priorizó la estabilidad macroeconómica sobre cualquier otro objetivo, delegando en las fuerzas autónomas del mercado la asignación plena de los recursos económicos de la sociedad, el siguiente artículo postula la necesidad de la i...

詳細記述

保存先:
書誌詳細
第一著者: Capdevielle, Mario
フォーマット: テキスト
主題:
タグ: タグ追加
タグなし, このレコードへの初めてのタグを付けませんか!

MARC

LEADER 00000 a a2200000 04500
001 46133
003
040
100 |a Capdevielle, Mario  
245 |a Las políticas macroeconómicas y de desarrollo productivo:   |b situación actual de América Latina /  |c Mario Capdevielle  
520 |a Después del fracaso de tres décadas de políticas públicas en donde se priorizó la estabilidad macroeconómica sobre cualquier otro objetivo, delegando en las fuerzas autónomas del mercado la asignación plena de los recursos económicos de la sociedad, el siguiente artículo postula la necesidad de la intervención activa del Estado en la economía, que enfrente los efectos de la crisis económica mundial y promueva la transformación productiva de las economías latinoamericanas.  
590 |a RRH/OCTUBRE2014  
650 |a 1. POLITICA ECONOMICA  
650 |a 2. CRISIS ECONOMICA  
650 |a 3. DESARROLLO ECONOMICO Y SOCIAL  
650 |a 4. LIBRE MERCADO  
650 |a 5. INFLACION  
650 |a 6. PRODUCCION  
650 |a 7. AMERICA LATINA  
773 |g número377 ( , 2012), páginas 13-28  
999 |c 38688  |d 38688